00266nam a2200097Ia 45000010005000000080041000050820022000461000059000682450017001272600024001441294241024s9999 xx 000 0 und d aRD/351/R426m/1997 aRepública Dominicana.Oficina Nacional de Presupuesto 0aMemoria 1997 bSanto Domingoc1998